00418nam a22001457a 450000500170000000800410001702200130005804100250007108200130009610000250010924500420013426000440017630000260022065000260024620240308124102.0240308b |||||||| |||| 00| 0 eng d a02577747 aAfrikaans / English  a349 TYD  lAfrikaans / English  aTydskrif vir die Suid-Afrikaanse Reg  aKaapstad : bJuta en Kie Beperk, c1987 b128 pages ; c25 cm.  aLegal practice bLaw